000 00408nam a2200169Ia 4500
008 230524s9999 xx 000 0 und d
020 _a8188458538
082 _a621.38
_bGUP
100 _aJ.B.Gupta
245 2 _aA Course in Electrical Power
250 _a14TH
260 _aNEW DELHI
_bS.K.Kataria
_c2007
300 _aXIII;615
500 _aQuantity Number: 35
650 _aElectrical
942 _cBK
999 _c36979
_d36979